LEADER 00742nam a2200205 i 4500 001 000000160998 003 CaOOAMICUS 005 20070424000000.0 008 070424s1930 it u000 u ita u 013 $a138361 040 $aSeMil$bita 100 1 $aAleramo, Sibilla,$d<1876-1960>.$0(OLS)http://semarc/name/36789 245 10$aGioie d'occasione /$cSibilla Aleramo. 260 $aMilano :$bMondadori,$cCopyr. 1930. 300 $a246 p. ;$c19 cm. 850 $aSeMil 852 $aSeMil$W1$xVenegono$y1$m1C II 186$j112440$B112440$CSeMilBibl$Z2$F122791 $81 961 $aOmaggio: Ghiringhelli prof. Livio 996 $6245$aGioie d'occasione$9(OLS)http://semarc/title/143885 996 $6260$aMilano :$bMondadori$9(OLS)http://semarc/publisher/30335 LEADER 01225nam a2200241 i 4500 001 000000243760 003 CaOOAMICUS 005 20150721000000.0 008 150721s1960 it u000 u ita u 013 $a222665 040 $aSeMil$bita 100 1 $aSettimana Sociale dei cattolici d'Italia <32. ; 1959 ; Padova>.$0(OLS)http://semarc/name/82266 240 02$aL'impiego del tempo libero.$0(OLS)http://semarc/title/345693 245 12$aL'impiego del tempo libero come attuale problema sociale :$bPadova, 20 - 26 Settembre 1959 /$cSettimana Sociale dei cattolici d'Italia. 260 $aRoma :$bEdizioni Settimane Sociali,$c1960. 300 $a427 p. :$btab. ;$c25 cm. 490 0 $aSettimane sociali dei cattolici italiani ;$v32. 650 4$aTempo libero.$0(OLS)http://semarc/subject/42266 830 0$aSettimane sociali dei cattolici italiani ;$v32.$0(OLS)http://semarc/title/43673 850 $aSeMil 852 $aSeMil$W1$xVenegono$y1$m3N V 96$j194106$B194106$CSeMilBibl$Z2$F204715 $81 996 $6245$aL'impiego del tempo libero come attuale problema sociale :$bPadova, 20 - 26 Settembre 1959$9(OLS)http://semarc/title/345694 996 $6260$aRoma :$bEdizioni Settimane Sociali$9(OLS)http://semarc/publisher/54822